000 00338 a2200157 4500
001 71395
020 _a8532203914
040 _cAnchieta - Colégio São Paulo
100 _aFurnari, Eva
240 1 0 _aQuer brincar?
_lpor
245 1 0 _aQuer brincar?
300 _a[16]
362 0 _a1998
650 4 _aLiteratura infantil
942 _cBK
999 _c71395
_d71395